<?xml version="1.0" encoding="UTF-8"?>
<record
    xmlns:xsi="http://www.w3.org/2001/XMLSchema-instance"
    xsi:schemaLocation="http://www.loc.gov/MARC21/slim http://www.loc.gov/standards/marcxml/schema/MARC21slim.xsd"
    xmlns="http://www.loc.gov/MARC21/slim">

  <leader>01222nam a22002057a 4500</leader>
  <controlfield tag="005">20230324142606.0</controlfield>
  <controlfield tag="008">230110b           ||||| |||| 00| 0 eng d</controlfield>
  <datafield tag="020" ind1=" " ind2=" ">
    <subfield code="a">9789391945190</subfield>
  </datafield>
  <datafield tag="040" ind1=" " ind2=" ">
    <subfield code="c">AL</subfield>
  </datafield>
  <datafield tag="041" ind1=" " ind2=" ">
    <subfield code="a">eng</subfield>
  </datafield>
  <datafield tag="082" ind1=" " ind2=" ">
    <subfield code="2">23</subfield>
    <subfield code="a">305.56</subfield>
    <subfield code="b">TYAE</subfield>
  </datafield>
  <datafield tag="100" ind1=" " ind2=" ">
    <subfield code="a">Vinita Tyagi</subfield>
    <subfield code="9">69059</subfield>
  </datafield>
  <datafield tag="245" ind1=" " ind2=" ">
    <subfield code="a">Encyclopedia of Women Entrepreneurship and Development Vol.2 </subfield>
  </datafield>
  <datafield tag="260" ind1=" " ind2=" ">
    <subfield code="a">Jaipur</subfield>
    <subfield code="b">Mark Publishers</subfield>
    <subfield code="c">2023</subfield>
  </datafield>
  <datafield tag="300" ind1=" " ind2=" ">
    <subfield code="a">249p.</subfield>
    <subfield code="b">HB</subfield>
    <subfield code="c">23x15cm.</subfield>
  </datafield>
  <datafield tag="365" ind1=" " ind2=" ">
    <subfield code="2">General</subfield>
    <subfield code="a">1835</subfield>
    <subfield code="b">&#x20B9;2083.00</subfield>
    <subfield code="c">&#x20B9;</subfield>
    <subfield code="d">&#x20B9;2450.00</subfield>
    <subfield code="e">15%</subfield>
    <subfield code="f">12-12-2022</subfield>
  </datafield>
  <datafield tag="520" ind1=" " ind2=" ">
    <subfield code="a">Labour Economics Development; Rural Development in India; Rural Poverty and Labour Problems; Rural Entrepreneurship; Globalization and Rural Development; Role of Financial Institutions in Rural Development; Agricultural Policy; Industries and Rural economy; Rural Labour and Economic Distribution; Agriculture and Rural Development; Rural Development since Independence; unemployment in Rural Area; Land Reforms and  Rural Development; Poverty Alleviation and Rural Development; Infrastructure and Rural Programming; Commercial Irrigation in Rural Area ;Rural Development and NGOs; Panchayati Raj and Agriculture Development.</subfield>
  </datafield>
  <datafield tag="650" ind1=" " ind2=" ">
    <subfield code="2">Social Group</subfield>
    <subfield code="a">Women</subfield>
    <subfield code="9">69060</subfield>
  </datafield>
  <datafield tag="942" ind1=" " ind2=" ">
    <subfield code="2">ddc</subfield>
    <subfield code="c">BK</subfield>
  </datafield>
  <datafield tag="999" ind1=" " ind2=" ">
    <subfield code="c">226367</subfield>
    <subfield code="d">226367</subfield>
  </datafield>
  <datafield tag="952" ind1=" " ind2=" ">
    <subfield code="0">0</subfield>
    <subfield code="1">0</subfield>
    <subfield code="2">ddc</subfield>
    <subfield code="4">0</subfield>
    <subfield code="7">0</subfield>
    <subfield code="8">MSW</subfield>
    <subfield code="a">SACPG</subfield>
    <subfield code="b">SACPG</subfield>
    <subfield code="d">2023-01-07</subfield>
    <subfield code="e">Vidya Vibar</subfield>
    <subfield code="g">2083.00</subfield>
    <subfield code="l">0</subfield>
    <subfield code="o">305.56 TYAE</subfield>
    <subfield code="p">PG024162</subfield>
    <subfield code="r">2023-01-10 00:00:00</subfield>
    <subfield code="v">2450.00</subfield>
    <subfield code="w">2023-01-10</subfield>
    <subfield code="y">BK</subfield>
  </datafield>
</record>
